Stížností spotřebitelů přibývá ochrana spotřebitele na finančním trhu se stáva fenoménem v ČR i v Evropě
Problematika ochrany spotrebiteľa a vývoj nových finančných aktivít. Nástroje a koordinácia finančnej gramotnosti a vzdelávania. Riešenia sťažností v jednotlivých krajinách. Skúsenosti členov EIOPA a ESMA.
Salvato in:
| Autore principale: | |
|---|---|
| Natura: | Capitolo di libro |
| Lingua: | ceco |
| Soggetti: | |
| Tags: |
Nessun Tag, puoi essere il primo ad aggiungerne!!
|
MARC
| LEADER | 00000naa a2200000 4500 | ||
|---|---|---|---|
| 001 | 0136450 | ||
| 005 | 20231129094403.8 | ||
| 041 | 0 | |a cze | |
| 044 | |a CZ | ||
| 245 | 1 | 0 | |a Stížností spotřebitelů přibývá |b ochrana spotřebitele na finančním trhu se stáva fenoménem v ČR i v Evropě |c Petra Davidová |
| 520 | |a Problematika ochrany spotrebiteľa a vývoj nových finančných aktivít. Nástroje a koordinácia finančnej gramotnosti a vzdelávania. Riešenia sťažností v jednotlivých krajinách. Skúsenosti členov EIOPA a ESMA. | ||
| 610 | 2 | 0 | |a Česko |
| 610 | 2 | 0 | |a Európa |
| 610 | 2 | 0 | |a trh finančný |
| 610 | 2 | 0 | |a bankovníctvo investičné |
| 610 | 2 | 0 | |a služby finančné |
| 610 | 2 | 0 | |a investovanie kolektívne |
| 610 | 2 | 0 | |a rozhodovanie finančné |
| 610 | 2 | 0 | |a riziko finančné |
| 610 | 2 | 0 | |a ochrana spotrebiteľa |
| 610 | 2 | 0 | |a gramotnosť finančná |
| 100 | 1 | |a Davidová, Petra | |